000 00453nam a22001817a 4500
003 MPLRDC
005 20220104123555.0
008 210129b ||||| |||| 00| 0 eng d
020 _a7-80022-806-1
082 _a415.14 JDCB v.4
100 _a张卯年等编著
245 _a白内障防治120 问
_c
250 _a一版一刷
260 _a
_b金盾出版社
_c1994
300 _b
650 _a症状--白内障
942 _cBK
_o415.14 JDCB v.4
999 _c12493
_d12483